logo

Bir Sreshtho Munshi Abdur Rouf Library
Jhenaidah Cadet College

জিম করবেট অমনিবাস : (Record no. 10056)

MARC details
000 -LEADER
fixed length control field 00729nam a2200217 a 4500
001 - CONTROL NUMBER
JCCL Control Number 10056
003 - CONTROL NUMBER IDENTIFIER
JCCL marc code BD-JhCC
005 - DATE AND TIME OF LATEST TRANSACTION
control field 20230731103650.0
008 - FIXED-LENGTH DATA ELEMENTS--GENERAL INFORMATION
fixed length control field 180404s1383 ii a|||| |||| 000 0 ben d
035 ## - SYSTEM CONTROL NUMBER
system control number (BD-JhCC)10056
040 ## - CATALOGING SOURCE
Original cataloging agency BD-JhCC
Modifying agency BD-JhCC
041 ## - LANGUAGE CODE
Language code of Book ben
082 ## - DEWEY DECIMAL CLASSIFICATION NUMBER
Classification number 891.4409
Author mark and Year DEB 1383
100 ## - MAIN ENTRY--PERSONAL NAME
Personal name দেবী, মহাশ্বেতা
245 ## - TITLE STATEMENT
Title জিম করবেট অমনিবাস :
Remainder of title জন্মশতবার্ষিক সংস্করণ /
Statement of responsibility, etc মহাশ্বেতা দেবী,
260 ## - PUBLICATION, DISTRIBUTION, ETC. (IMPRINT)
Place of publication, distribution, etc কলকাতা :
Name of publisher, distributor, etc করুণা প্রকাশনী
Date of publication, distribution, etc 1383.
300 ## - PHYSICAL DESCRIPTION
Pagination 458 p. :
Dimensions 252 cm.
650 ## - SUBJECT ADDED ENTRY--TOPICAL TERM
Topical term or geographic name as entry element Collection of works
942 ## - ADDED ENTRY ELEMENTS (KOHA)
Source of classification or shelving scheme Dewey Decimal Classification
Koha item type Books
Holdings
Source of classification or shelving scheme Damaged status Not for loan Home library Current library Shelving location Date of accession Cost, normal purchase price Full call number Barcode Date last seen Copy number Method of acquisition Koha item type Currency
Dewey Decimal Classification     JCC Rouf Library JCC Rouf Library General Stacks 04/04/2018 30.00 891.4409 DEB 1383 13241 04/04/2018 C-1 Purchase Books BDT

JCC Library | Contacts | JCC Home

Last Update on 23 September 2017
Copyright @ 2017-2020 JCC Rouf Library
Rouf Library, Jhenidah Cadet College (JCC), Bangladesh